Normal view
MARC view
Entry Topical Term
001 - CONTROL NUMBER
- control field: 8615
003 - CONTROL NUMBER IDENTIFIER
- control field: dpl
005 - DATE AND TIME OF LATEST TRANSACTION
- control field: 20100807143138.0
008 - FIXED-LENGTH DATA ELEMENTS
- fixed length control field: 100807|||a|||||| | ||| d
040 ## - CATALOGING SOURCE
- Original cataloging agency: dpl
- Transcribing agency: dpl
150 ## - HEADING--TOPICAL TERM
- Topical term or geographic name as entry element: Differential equations-Numeric solution-Data processing
670 ## - SOURCE DATA FOUND
- Source citation: Work cat.: (dpl): Vasanthi, R. P. 8613, An introduction to ordinary and partial differential equations /, 2008
670 ## - SOURCE DATA FOUND
- Source citation: Work cat.: (dpl): Vasanthi, R. P. 8613, An introduction to ordinary and partial differential equations /, 2008
